John Tyndall's transcendental materialism and the conflict between religion and science in Victorian England /

Bibliographic Details
Main Author: Kim, Stephen S.
Format: Book
Language:English
Published: Lewiston : Mellen University Press, [1996]
Subjects:

MARC

Tag First Indicator Second Indicator Subfields
LEADER 00000cam a2200000 a 4500
001 in00001663166
005 20151023125505.0
008 960919s1996 nyu b 001 0 eng
010 |a  96038967  
015 |a GB97-9271 
019 |a 36351021 
020 |a 0773422781 
035 |a (OCoLC)ocm35686093 
040 |a DLC  |c DLC  |d UKM  |d UtOrBLW 
043 |a e-uk--- 
049 |a TXAM 
050 0 0 |a Q175.32.D52  |b K56 1996 
082 0 0 |a 261.5/5/094109034  |2 21 
100 1 |a Kim, Stephen S. 
245 1 0 |a John Tyndall's transcendental materialism and the conflict between religion and science in Victorian England /  |c Stephen S. Kim. 
264 1 |a Lewiston :  |b Mellen University Press,  |c [1996] 
264 4 |c ©1996 
300 |a xiii, 217 pages ;  |c 24 cm. 
336 |a text  |b txt  |2 rdacontent 
337 |a unmediated  |b n  |2 rdamedia 
338 |a volume  |b nc  |2 rdacarrier 
504 |a Includes bibliographical references (pages [190]-209) and index. 
650 0 |a Science  |z Great Britain  |x Philosophy  |x History  |y 19th century. 
650 0 |a Religion and science  |z Great Britain  |x History  |y 19th century. 
650 0 |a Materialism  |x Religious aspects. 
650 0 |a Transcendentalism. 
651 0 |a Great Britain  |x History  |y Victoria, 1837-1901. 
600 1 0 |a Tyndall, John,  |d 1820-1893. 
600 1 4 |a Tyndall, John,  |d 1820-1893. 
651 4 |a Great Britain  |x History  |y Victoria, 1837-1901. 
994 |a E0  |b TXA 
948 |a cataloged  |b h  |c 2002/4/28  |d c  |e jlanham  |f 1:31:36 pm 
999 |a MARS 
999 f f |s b497b77f-64da-310d-9509-1c12fca420f7  |i 20092683-a593-3c08-9cab-d40fabff4026  |t 0 
952 f f |p ric  |a Texas A&M University  |b Rellis Campus  |c Joint Library Facility  |d Remote Storage  |t 0  |e Q175.32.D52 K56 1996  |h Library of Congress classification  |i unmediated -- volume  |m A14828924013 
998 f f |a Q175.32.D52 K56 1996  |t 0  |l Remote Storage